书目信息 |
| 题名: |
数学实验
|
|
| 作者: | 谢云荪 , 张志让 主编 | |
| 分册: | ||
| 出版信息: | 北京 科学出版社 1999 |
|
| 页数: | 270页 | |
| 开本: | 26cm | |
| 丛书名: | ||
| 单 册: | ||
| 中图分类: | O13-33 | |
| 科图分类: | ||
| 主题词: | 高等数学--科学实验 | |
| 电子资源: | ||
| ISBN: | 7-03-007620-6 | |
| 000 | 00607nam0 2200217 45 | |
| 001 | 0111071099 | |
| 005 | 20041223104906.8 | |
| 010 | @a7-03-007620-6@dCNY25.00 | |
| 100 | @a20011107d1999 km y0chiy0120 ea | |
| 101 | 0 | @achi |
| 105 | @a z 000yy | |
| 200 | 1 | @a数学实验@AShu Xue Shi Yan@f谢云荪,张志让主编@FXie Yun Sun,Zhang Zhi Rang Zhu Bian |
| 210 | @a北京@c科学出版社@d1999 | |
| 215 | @a270页@d26cm | |
| 300 | @a高等院校选用教材系列 | |
| 606 | 0 | @a高等数学@x科学实验 |
| 690 | @aO13-33@v4 | |
| 701 | @a谢云荪@4主编 | |
| 701 | 0 | @a张志让@4主编 |
| 801 | @aCN@bTSTC@c20011107 | |
| 905 | @dO13-33@e136 | |
| 数学实验/谢云荪,张志让主编.-北京:科学出版社,1999 |
| 270页;26cm |
| 高等院校选用教材系列 |
| ISBN 7-03-007620-6:CNY25.00 |
| ● |
| 相关链接 |
|
|
|
|
正题名:数学实验
索取号:O13-33/136
 
预约/预借
| 序号 | 登录号 | 条形码 | 馆藏地/架位号 | 状态 | 备注 |
| 1 | 0300703 | 203007030 | 第三借阅区/ [索取号:O13-33/136] | 在馆 | |
| 2 | 0300704 | 203007049 | 第三借阅区/ [索取号:O13-33/136] | 在馆 | |
| 3 | 0300705 | 203007058 | 第三借阅区/ [索取号:O13-33/136] | 在馆 | |
| 4 | 0300706 | 203007067 | 第三借阅区/ [索取号:O13-33/136] | 在馆 | |
| 5 | 0300707 | 203007076 | 第二样本阅览室/ [索取号:O13-33/136] | 在馆 |